| 000 | 00596nam a2200169Ia 4500 | ||
|---|---|---|---|
| 008 | 110201s9999 xx 000 0 und d | ||
| 082 |
_bB10806 _aS 2101 |
||
| 100 | _aडॉ. बर्वे राजेंद्र | ||
| 245 | _aएकदा काय झालं | ||
| 260 | _bमनोविकास प्रकाशन | ||
| 365 | _b130 | ||
| 600 | _aडॉ. बर्वे राजेंद्र | ||
| 630 | _aएकदा काय झालं | ||
| 700 | _aडॉ. बर्वे राजेंद्र | ||
| 730 | _aएकदा काय झालं | ||
| 942 | _cBOOK | ||
| 999 |
_c836203 _d836200 |
||